Normal view
MARC view
- Christian Pilgrims and Pilgrimages - Poetry - Canterbury - Storytelling
Entry Topical Term
001 - CONTROL NUMBER
- control field: 1618
003 - CONTROL NUMBER IDENTIFIER
- control field: JO-AjAnu
005 - DATE AND TIME OF LATEST TRANSACTION
- control field: 20230606070552.0
008 - FIXED-LENGTH DATA ELEMENTS
- fixed length control field: 230606|| aca||aabn | a|a d
040 ## - CATALOGING SOURCE
- Original cataloging agency: JO-AjAnu
- Transcribing agency: JO-AjAnu
150 ## - HEADING--TOPICAL TERM
- Topical term or geographic name entry element: Christian Pilgrims and Pilgrimages - Poetry - Canterbury - Storytelling
670 ## - SOURCE DATA FOUND
- Source citation: Work cat.: (JO-AjAnu)849: translation by: Raffel,Burton, author 1617, THE CANTERBURY TALES